header

Mental Retardation (Record no. 252730)

MARC details
000 -LEADER
fixed length control field 00331nam a22001457a 4500
003 - CONTROL NUMBER IDENTIFIER
control field OSt
005 - DATE AND TIME OF LATEST TRANSACTION
control field 20160302152132.0
008 - FIXED-LENGTH DATA ELEMENTS--GENERAL INFORMATION
fixed length control field 160302b xxu||||| |||| 00| 0 eng d
020 ## - INTERNATIONAL STANDARD BOOK NUMBER
International Standard Book Number 0023078839
040 ## - CATALOGING SOURCE
Transcribing agency N/A
100 ## - MAIN ENTRY--PERSONAL NAME
Personal name Mary Beirne Smith
245 ## - TITLE STATEMENT
Title Mental Retardation
260 ## - PUBLICATION, DISTRIBUTION, ETC. (IMPRINT)
Name of publisher, distributor, etc Prentice Hall
Date of publication, distribution, etc 1994
942 ## - ADDED ENTRY ELEMENTS (KOHA)
Source of classification or shelving scheme Library of Congress Classification
Koha item type Short Loan Books
Holdings
Withdrawn status Lost status Source of classification or shelving scheme Damaged status Not for loan Home library Current library Shelving location Date acquired Total Checkouts Full call number Barcode Date last seen Price effective from Koha item type
    Library of Congress Classification     Rongo University Library Rongo University Library General Stacks 02/03/2016   RC570 .M386 1994 201610613 02/03/2016 02/03/2016 Long Loan Books

© 2026 Rongo University
Contact us: librarian | system librarian | Rongo university